00605cam a22002171 4500001001300000003000400013005001700017008004100034010001700075035002000092040001800112042001200130050001900142100002800161245005200189260001100241300002500252500001400277600007900291999001700370sa 67005025 DLC20260227112353.0890719s1966 ii 000 0 hino  asa 67005025  a(OCoLC)20033758 aDLCcWaUdDLC apremarc00aPK2098.T7bR391 aSharma, Rajnath,d1922-10aNirāḷā aura Rāma kī śakti pūjā. c[1966] a2, 2, 123 p.c18 cm. aIn Hindi.10aTripāṭhī, Sūryakānta,d1896-1961.tRāma kī Śakti-pūjā. c74908d74908